000 00597nam a22001817a 4500
003 OSt
005 20250812054131.0
008 240629b |||||||| |||| 00| 0 eng d
020 _a0783510004
040 _aDWCL-Main Lib.
_cOC
082 _aGR. 621.82 M663 [1993]
100 _aThomas, Richard S.
245 _aMind and brain :
_bjourney through the mind and body/
_cRichard S. Thomas
260 _a[place of publication not identified]:
_bTime-Life Books,
_cc[1993].
300 _a144 pages :
_bcolored illustrations ;
_c29cm.
650 _a1. Cognitive neuroscience.
942 _2ddc
_cGR
_kGR.
_n0
999 _c1630
_d1630